| 000 | 00512cam a2200193ua 4500 | ||
|---|---|---|---|
| 020 |
_a0471939153 _c$82.45 |
||
| 041 |
_aeng _h |
||
| 082 |
_a631.417 _bMUL/SO |
||
| 100 | _aMulongoy, K . | ||
| 245 |
_aSoil organic matter dynamicsand sustainability of tropical agriculture / _cK Mulongoy. _hTextual Documents |
||
| 250 |
_a1 / _b. |
||
| 260 |
_aLondon : _bJohn Wiley & Sons. |
||
| 300 | _a392 ; . | ||
| 365 | _a$82.45 | ||
| 504 | _a | ||
| 700 | 1 | _aMercks, R . | |
| 942 | _cBK | ||
| 999 |
_c3332 _d3332 |
||